[Event "Tamil Nadu State-ch 54th"]
[Site "Chennai"]
[Date "2006.05.30"]
[Round "11"]
[White "Ganesh, Kumar R"]
[Black "Karthikeyan, Pandian"]
[Result "0-1"]
[WhiteElo "1993"]
[BlackElo "2169"]
[PlyCount "70"]
[EventDate "2006.05.20"]
[EventType "swiss"]
[EventRounds "11"]
[EventCountry "IND"]
[SourceTitle "EXT 2010"]
[Source "ChessBase"]
[SourceDate "2010.11.25"]
[SourceVersion "1"]
[SourceVersionDate "2010.11.25"]
[SourceQuality "1"]

1. d4 Nf6 2. c4 Nc6 3. Nc3 e5 4. d5 Ne7 5. e4 Ng6 6. f3 Bc5 7. Nge2 a5 8. a3 d6 9. Na4 Ba7 10. Bd2 Bd7 11. Nc1 Nxe4 12. Nd3 Nxd2 13. Kxd2 Qg5+ 14. Kc3 Rb8 15. b3 Bd4+ 16. Kc2 Bxa1 17. Qxa1 Bxa4 18. bxa4 0-0 19. Qe1 b6 20. h4 Qf6 21. Qe4 Nf4 22. g3 Nxd3 23. Bxd3 Qg6 24. Qe1 f5 25. g4 e4 26. fxe4 fxe4 27. Be2 Qf6 28. g5 Qd4 29. Qd2 Qc5 30. Kb3 Rf2 31. Re1 Rbf8 32. Ka2 R8f3 33. Qb2 Re3 34. h5 Rfxe2 35. h6 Rxb2+ 0-1